000 00284nam a2200109Ia 4500
008 190216s9999||||xx |||||||||||||| ||und||
100 _aGrewal T S
245 0 _aSupplement To Introduction To Accountancy
260 _bPrentice Hall Of India Pvt Ltd
_c1966
300 _a127p
942 _cBK
999 _c4433
_d4433